000 004820000a22001930004500
001 932
003 CO-MdFUSB
005 20170605170857.0
008 170605b xxu||||| |||| 00| 0 eng d
020 _a0-698-11413-2
040 _cCO-MdBIC
082 0 4 _a863C So781q
100 1 _aSoto, Gary
245 1 0 _aQue monton de tamales / Gary Soto, il. Ed Martinez
260 _aNew York : Paper Star
300 _a32 P.
500 _aUna conmovedora historia familiar
942 _cLGB
999 _c48112
_d48112